Регионална библиотека "Любен Каравелов" - Русе

[Стоте] 100-те най-влиятелни учени от древността до наши дни (Запис номер 23860)

MARC детайли
000 -Лидер
Контролно поле с фиксирана дължина 01095nam a2200313 c 4500
003 - Код на организацията, давaща контролен номер
Контролно поле BLK
005 - Дата и час на последна редакция
Контролно поле 20250725105828.0
008 - Елементи от данни с фиксирана дължина
fixed length control field 180413b bul|||||r ||||||| ||bul||
010 ## - Наследен системен номер
LC control number KNG00026348000
020 ## - Международен стандартен номер на книга ISBN
Международен стандартен номер на книга ISBN 954-8102-33-1
-- издат.: Репортер
040 ## - Източник на каталожния запис
Идентификатор на билиотеката - собственик на записа BLK
041 ## - Код за език
Код за езика на текст/звукозапис или на отделно заглавие Български
Код за езика КДБФ Български
080 ## - УДК
Текстов определител УДК Наука. Наукознание. Организация на умствения труд
УДК код - определител по УДК 001
УДК определител (092)
УДК - код + определител 001(092)
080 ## - УДК
Текстов определител УДК Биографии
УДК код - определител по УДК 929
УДК определител
УДК - код + определител 929
100 1# - Редна дума - Автор
Автор Симънс, Джон
Авторска отговорност първи автор
R(LIN) 267329
139 ## - Редно поле
Редна дума Симънс, Джон
Авторски знак Сим - С 37
245 10 - Сведения за заглавието
Заглавие [Стоте] 100-те най-влиятелни учени от древността до наши дни
Редно поле (дума) Джон Симънс.
257 ## - Страна на издаване
Страна на създаване/издаване България
260 ## - Област на издателските данни
-- София
Име на издателя, разпространителя и проч. Репортер
Година на издаване 1998
300 ## - Физическа характеристика
Страници 405 с.
Илюстрации и др. с портр.
Размери/Мащаб 23 см
380 ## - Жанр
Жанр Общ отдел
653 ## - Ключова дума – ненормативна
Ключова дума учени
852 ## - Местоположение
Форматна сигнатура Цб 196477
856 4# - Електронен адрес и достъп
Електронен формат pdf - файл
Път до файла /url/
856 4# - Електронен адрес и достъп
Електронен формат pdf - файл
Път до файла /url/
942 ## - АРТИКУЛИ
Вид на библиотечния материал Книги
Скрит в OPAC Не
Koha issues (borrowed), all copies 1
944 ## - СЪЗДАВАНЕ И РЕДАКЦИЯ на ЗАПИСА
Създаване/Редакция Създаване
Дата на регистрацията/редакция 12.05.2003
Служител, извършил регистрацията/редакцията 30564
Статус, дата на статуса Анна Гръцманова
944 ## - СЪЗДАВАНЕ И РЕДАКЦИЯ на ЗАПИСА
Създаване/Редакция Редакция
Дата на регистрацията/редакция 20.04.2012
Служител, извършил регистрацията/редакцията
999 ## - СИСТЕМНИ КОНТРОЛНИ НОМЕРА
Koha biblionumber 23860
Koha biblioitemnumber 23860
Наличности
Код за отписване Код за изгубен артикул Източник на класификационната схема Код за повреда Коз за рестрикции Код за отдаване Артикулен № Име на библиотеката - собственик Име на библиотеката, в която се намира в момента Статус (Текущо местоположение) Дата на вписване в системата Местоположение - отдел Цена в лева Инвентарен номер Систематично азбучна сигнатура Баркод Номер на екземпляра Цена в евро Служебна бележка Служебен тип на артикула
  Не е изгубен Universal Decimal Classification Не е повреден без рестрикции ползва се в читалня 39406 Регионална библиотека "Любен Каравелов" Русе Регионална библиотека "Любен Каравелов" Русе Читалня - справочен фонд 2001-01-01 Читалня 11.00 639835 СЧ 001(092)/С 37 120000639835 1 5.62 Дата инв: 30.03.2017 Бележки инв: СЧ2017 Книги
  Не е изгубен Universal Decimal Classification Не е повреден без рестрикции заемане за дома 39407 Регионална библиотека "Любен Каравелов" Русе Регионална библиотека "Любен Каравелов" Русе Детски отдел 2001-01-01 Детски отдел 11.00 639836 Д 0(092)/С 37 120000639836 2 5.62 Дата инв: 21.08.2015 Бележки инв: Д2015 Книги
  Не е изгубен Universal Decimal Classification Не е повреден без рестрикции ползва се в читалня 39408 Регионална библиотека "Любен Каравелов" Русе Регионална библиотека "Любен Каравелов" Русе Хранилище 2001-01-01 Хранилище 11.00 646377 Цб 196477 120000646377 3 5.62   Книги
Vip Innovations Ltd, Rousse, Bulgaria 2025